SPOTLIGHT ESSENTIAL MATHEMATICS: LEARNER'S BOOK GRADE 10 (Record no. 216750)

MARC details
000 -LEADER
fixed length control field 00460nam a22001457a 4500
008 - FIXED-LENGTH DATA ELEMENTS--GENERAL INFORMATION
fixed length control field 260303b |||||||| |||| 00| 0 eng d
020 ## - INTERNATIONAL STANDARD BOOK NUMBER
International Standard Book Number 978-9966-57-597-5
100 ## - MAIN ENTRY--PERSONAL NAME
Personal name MAKARIO, BEVERLYNE
245 ## - TITLE STATEMENT
Title SPOTLIGHT ESSENTIAL MATHEMATICS: LEARNER'S BOOK GRADE 10
260 ## - PUBLICATION, DISTRIBUTION, ETC.
Place of publication, distribution, etc. NAIROBI
Name of publisher, distributor, etc. SPOTLIGHT PUBLISHERS (EA) LIMITED
Date of publication, distribution, etc. 2025
300 ## - PHYSICAL DESCRIPTION
Extent VI, 224P.
650 ## - SUBJECT ADDED ENTRY
Topical term or geographic name entry element MATHEMATICS-TEXTBOOKS-SECONDARY EDUCATION-KENYA
942 ## - ADDED ENTRY ELEMENTS (KOHA)
Source of classification or shelving scheme Library of Congress Classification
Koha item type Long Loan Book

No items available.